| 000 | 00000nas 2200000za 4500 |
| 001 | 9.814453 |
| 003 | CaOODSP |
| 005 | 20221107141801 |
| 007 | cr ||||||||||| |
| 008 | 160405d19761981oncar p oss f000#b0fre|d |
| 022 | |y0706-2788 |
| 040 | |aCaOODSP|bfre |
| 041 | |aeng|afre |
| 043 | |an-cn--- |
| 086 | 1 |aCS85-209-PDF |
| 245 | 00|aHomicide statistics |h[ressource électronique] = |bLa statistique de l'homicide. |
| 246 | 11|aStatistique de l'homicide |
| 260 | |aOttawa : |bStatistics Canada, Justice Statistics Division = Statistique Canada, Division de la statistique judiciaire, |c1978-1982. |
| 310 | |aAnnuel |
| 362 | 0 |a1976-1981. |
| 500 | |aÉdition numérisée de l’imprimé [par Statistique Canada]. |
| 500 | |aLa livraison de 1980 contient des erreurs. |
| 546 | |aTexte en anglais et en français. |
| 550 | |aPublié 1979-1981 par la Section de la statistique policière. |
| 692 | 07|2gccst|aHomicide |
| 710 | 1 |aCanada.|bStatistique Canada.|bDivision de la statistique judiciaire. |
| 710 | 2 |aStatistique Canada.|bSection de la statistique policière. |
| 710 | 2 |aCentre canadien de la statistique juridique.|bSection de la statistique policière. |
| 780 | 00|tMurder statistics |w(CaOODSP)9.814407 |
| 785 | 00|tHomicide in Canada, a statistical perspective |w(CaOODSP)9.814457 |
| 791 | |tHomicide statistics |eeng|w(CaOODSP)9.814423 |